000 01316nam0a22002891 4500
001 rc\4590671
005 20130416192501.2
021 _aRU
_b[61-45117]
035 _a(NLR Aleph) 008661299
090 _a9062982
_c9062982
100 _a20130416d1961 |||y0rusy50 ca
101 0 _arus
102 _aRU
105 _aa z |||||
200 1 _aМетодика опытных работ на сенокосах и пастбищах
_e[Сборник статей]
_fПод общ. ред. Н.С. Конюшкова [и др.]
_gВсесоюз. ордена Ленина акад. с.-х. наук им. В.И. Ленина. Всесоюз. науч.-исслед. ин-т кормов им. В.Р. Вильямса
210 _aМосква
_cСельхозгиз
_d1961
215 _a287 с.
_cил.
_d23
320 _aБиблиогр.: с. 283-285
606 _aКормодобывание
_xОпыты и исследования
_2psbo
606 _aЛуговодство
_xОпыты и исследования
_2psbo
702 1 _aКонюшков
_bН. С.
_gНиколай Степанович
_4340
712 0 2 _aВНИИ кормов им. В. Р. Вильямса
_3RU\NLR\AUTH\889919759
801 0 _aRU
_bNLR
_gpsbo
801 1 _aRU
_bELAR
_2rusmarc
852 _aNLR
_j61-5/2992
942 _cBOOK
980 _aNB